| 000 | 00762nam a2200121Ia 4500 | ||
|---|---|---|---|
| 008 | 220620s9999||||xx |||||||||||||| ||und|| | ||
| 100 | _aJ. Evans, Denis||P. Morriss, Gary | ||
| 245 | 0 | _aStatistical Mechanics of Nonequilbrium Liquids | |
| 546 | _aEnglish[eng] | ||
| 650 | _acomputer simulation||statistical mechanics||liquids||nonequilibrium fluids||Cross-correlation matrix||Equations of motion||Phase space||Strain rate||Thermodynamic equilibrium||Viscosity | ||
| 856 | _uhttps://library.oapen.org/bitstream/20.500.12657/33616/1/459733.pdf||https://library.oapen.org/bitstream/20.500.12657/33616/1/459733.pdf||https://library.oapen.org/bitstream/20.500.12657/33616/1/459733.pdf||https://library.oapen.org/bitstream/20.500.12657/33616/1/459733.pdf | ||
| 942 | _cEB | ||
| 999 |
_c29428 _d29428 |
||